00680nam a2200181Ia 4500003000900000008004100009040001600050080003000066110003300096245018800129260005000317300000900367500002800376650002800404650002700432650001800459650002100477IN-BaIIA211028s9999 xx 000 0 eng d cIIA Library a083.7:624.159.11:621bISI aIndian Standards Institution 0aIndian standard code of practice for design & construction for machine foundationsbpt. 3, foundations for rotary type machines (medium & high frequency)cIndian Standards Institution aNew DelhibIndian Standards Institutionc1976 a24p. aIS 2974 : Part 3 : 1975 a Machine Foundations  a Rotary Type Machines a Standards  aNASA Thesaurus